Principios de Electricidad y Electromagnetismo / (Record no. 78483)

MARC details
000 -LEADER
campo de control de longitud fija 00599nam a2200169 i 4500
001 - NÚMERO DE CONTROL
campo de control 78483
003 - IDENTIFICADOR DE NÚMERO DE CONTROL
campo de control ES-MaACL
005 - FECHA Y HORA DE LA ÚLTIMA TRANSACCIÓN
campo de control 20230906173722.0
007 - CAMPO FIJO DE DESCRIPCIÓN FÍSICA--INFORMACIÓN GENERAL
campo de control de longitud fija t|
008 - DATOS DE LONGITUD FIJA--INFORMACIÓN GENERAL
campo de control de longitud fija 041014s1961 sp ||||1| spa d
100 1# - ENTRADA PRINCIPAL--NOMBRE DE PERSONA
Nombre de persona Harnwell, Gaylord P.
9 (RLIN) 61871
245 10 - MENCIÓN DEL TÍTULO
Título Principios de Electricidad y Electromagnetismo /
Mención de responsabilidad, etc. Gaylord P. Harnwell ; traducido de la segunda edición inglesa por Maximino Rodríguez Vidal.
260 ## - PUBLICACIÓN, DISTRIBUCIÓN, ETC.
Lugar de publicación, distribución, etc. Madrid :
Nombre del editor, distribuidor, etc. Selecciones Científicas,
Fecha de publicación, distribución, etc. [1961]
300 ## - DESCRIPCIÓN FÍSICA
Extensión XV, 718 p. :
Otras características físicas il. ;
Dimensiones 22 cm.
700 1# - ENTRADA AGREGADA--NOMBRE PERSONAL
Nombre de persona Rodríguez Vidal, Maximino.
9 (RLIN) 98856
852 ## - LOCALIZACIÓN
Ubicación ES-MaACL
Número de control de estantería C-30476
Sublocalización o colección R.60767
Holdings
Estatus retirado Estado de pérdida Estado de daño No para préstamo Biblioteca de origen Biblioteca actual Ubicación en estantería Fecha de adquisición Fuente de adquisición Total de préstamos Signatura topográfica completa Código de barras Visto por última vez Precio de reemplazo Tipo de ítem Koha
        Biblioteca del Ateneo de Madrid Biblioteca del Ateneo de Madrid Depósito 2 17/01/2008     C-30476 1082091 23/02/2023 23/02/2023 Libro impreso